Normal view
MARC view
- Rawal, Gdda Hussain
Entry Personal Name
001 - CONTROL NUMBER
- control field: 15795
003 - CONTROL NUMBER IDENTIFIER
- control field: NUST
005 - DATE AND TIME OF LATEST TRANSACTION
- control field: 20190627120335.0
008 - FIXED-LENGTH DATA ELEMENTS
- fixed length control field: 190627|| aca||aabn | a|a d
040 ## - CATALOGING SOURCE
- Original cataloging agency: NUST
- Transcribing agency: NUST
100 ## - HEADING--PERSONAL NAME
- Personal name: Rawal, Gdda Hussain
670 ## - SOURCE DATA FOUND
- Source citation: Work cat.: (NUST): Rawal, Gdda Hussain, Taidi bhal ech hein /, 2008.
